[Event "N1 Reykjavik Open 2014"]
[Site "Reykjavik, Iceland"]
[Date "2014.03.12"]
[Round "10.16"]
[White "Tania, Sachdev"]
[Black "Pavlovic, Milos"]
[Result "0-1"]
[WhiteElo "2423"]
[BlackElo "2506"]
[LiveChessVersion "1.4.2"]

1. d4 
    {[%clk 1:30:51]}
1. ... Nf6 
    {[%clk 1:30:46]}
2. c4 
    {[%clk 1:31:13]}
2. ... g6 
    {[%clk 1:30:48]}
3. f3 
    {[%clk 1:31:35]}
3. ... Nc6 
    {[%clk 1:30:53]}
4. d5 
    {[%clk 1:31:35]}
4. ... Ne5 
    {[%clk 1:31:18]}
5. e4 
    {[%clk 1:32:01]}
5. ... d6 
    {[%clk 1:31:43]}
6. Nc3 
    {[%clk 1:30:14]}
6. ... Bg7 
    {[%clk 1:32:07]}
7. f4 
    {[%clk 1:29:36]}
7. ... Ned7 
    {[%clk 1:32:30]}
8. Nh3 
    {[%clk 1:29:59]}
8. ... O-O 
    {[%clk 1:32:52]}
9. Be2 
    {[%clk 1:29:53]}
9. ... Nb6 
    {[%clk 1:32:53]}
10. Nf2 
    {[%clk 1:29:06]}
10. ... e6 
    {[%clk 1:33:16]}
11. Be3 
    {[%clk 1:27:50]}
11. ... exd5 
    {[%clk 1:33:34]}
12. cxd5 
    {[%clk 1:28:09]}
12. ... c6 
    {[%clk 1:33:47]}
13. dxc6 
    {[%clk 1:24:29]}
13. ... bxc6 
    {[%clk 1:34:02]}
14. O-O 
    {[%clk 1:24:55]}
14. ... Re8 
    {[%clk 1:33:39]}
15. Bf3 
    {[%clk 0:52:11]}
15. ... d5 
    {[%clk 1:04:29]}
16. Re1 
    {[%clk 0:33:24]}
16. ... Nc4 
    {[%clk 1:00:00]}
17. Bd4 
    {[%clk 0:33:40]}
17. ... Nxb2 
    {[%clk 0:56:24]}
18. Qc2 
    {[%clk 0:31:55]}
18. ... Nc4 
    {[%clk 0:47:55]}
19. exd5 
    {[%clk 0:31:56]}
19. ... Bf5 
    {[%clk 0:40:55]}
20. Qa4 
    {[%clk 0:28:51]}
20. ... cxd5 
    {[%clk 0:24:47]}
21. Nxd5 
    {[%clk 0:27:32]}
21. ... Rxe1+ 
    {[%clk 0:10:58]}
22. Rxe1 
    {[%clk 0:27:55]}
22. ... Nxd5 
    {[%clk 0:11:24]}
23. Qxc4 
    {[%clk 0:22:26]}
23. ... Rc8 
    {[%clk 0:11:26]}
24. Qxd5 
    {[%clk 0:09:11]}
24. ... Bxd4 
    {[%clk 0:11:42]}
25. Qxd8+ 
    {[%clk 0:05:25]}
25. ... Rxd8 
    {[%clk 0:12:07]}
26. g3 
    {[%clk 0:05:04]}
26. ... Be6 
    {[%clk 0:09:15]}
27. Re2 
    {[%clk 0:05:28]}
27. ... Bh3 
    {[%clk 0:08:52]}
28. Rd2 
    {[%clk 0:04:24]}
28. ... Re8 
    {[%clk 0:08:56]}
29. Be2 
    {[%clk 0:02:06]}
29. ... Be3 
    {[%clk 0:08:12]}
30. Rd3 
    {[%clk 0:02:12]}
30. ... Bb6 
    {[%clk 0:07:27]}
31. Rd2 
    {[%clk 0:02:36]}
31. ... Rc8 
    {[%clk 0:07:01]}
32. a4 
    {[%clk 0:01:50]}
32. ... Rc1+ 
    {[%clk 0:05:11]}
33. Bd1 
    {[%clk 0:01:46]}
33. ... h5 
    {[%clk 0:02:30]}
34. Rd5 
    {[%clk 0:01:23]}
34. ... Be6 
    {[%clk 0:00:57]}
35. Rd2 
    {[%clk 0:01:34]}
35. ... Bh3 
    {[%clk 0:00:46]}
36. Rd5 
    {[%clk 0:02:00]}
36. ... a5 
    {[%clk 0:00:47]}
37. Rd6 
    {[%clk 0:02:11]}
37. ... Bc5 
    {[%clk 0:01:11]}
38. Rd5 
    {[%clk 0:02:22]}
38. ... Be6 
    {[%clk 0:01:15]}
39. Rd8+ 
    {[%clk 0:02:45]}
39. ... Kg7 
    {[%clk 0:01:44]}
40. Kg2 
    {[%clk 0:32:57]}
40. ... Ra1 
    {[%clk 0:31:35]}
41. Ne4 
    {[%clk 0:28:53]}
41. ... Bb4 
    {[%clk 0:29:32]}
42. Ng5 
    {[%clk 0:24:31]}
42. ... Ra2+ 
    {[%clk 0:29:49]}
43. Kf3 
    {[%clk 0:24:54]}
43. ... Bg4+ 
    {[%clk 0:29:07]}
44. Ke4 
    {[%clk 0:24:03]}
44. ... Be7 
    {[%clk 0:27:50]}
45. Rd5 
    {[%clk 0:21:17]}
45. ... Bxd1 
    {[%clk 0:15:45]}
46. Rxd1 
    {[%clk 0:21:35]}
46. ... Rxa4+ 
    {[%clk 0:16:09]}
47. Kf3 
    {[%clk 0:22:00]}
47. ... Ra3+ 
    {[%clk 0:16:26]}
48. Ke4 
    {[%clk 0:19:57]}
48. ... Ra2 
    {[%clk 0:11:20]}
49. Nf3 
    {[%clk 0:18:19]}
49. ... a4 
    {[%clk 0:11:02]}
50. Rd7 
    {[%clk 0:18:38]}
50. ... a3 
    {[%clk 0:10:06]}
51. Ne5 
    {[%clk 0:18:46]}
51. ... Kf8 
    {[%clk 0:09:52]}
52. Ra7 
    {[%clk 0:18:16]}
52. ... Rxh2 
    {[%clk 0:10:06]}
53. Nc6 
    {[%clk 0:18:01]}
53. ... Bc5 
    {[%clk 0:09:56]}
54. Ra8+ 
    {[%clk 0:18:26]}
54. ... Kg7 
    {[%clk 0:10:24]}
55. Kd5 
    {[%clk 0:18:53]}
55. ... Rc2 
    {[%clk 0:09:47]}
56. Nd4 
    {[%clk 0:18:43]}
56. ... Bxd4 
    {[%clk 0:10:02]}
57. Kxd4 
    {[%clk 0:19:09]}
57. ... a2 
    {[%clk 0:09:56]}
58. Ke4 
    {[%clk 0:17:22]}
58. ... Rc3 
    {[%clk 0:06:54]}
59. Rxa2 
    {[%clk 0:13:38]}
59. ... Rxg3 
    {[%clk 0:07:22]}
60. Rb2 
    {[%clk 0:12:10]}
60. ... Ra3 
    {[%clk 0:06:18]}
61. Rf2 
    {[%clk 0:12:01]}
61. ... Kh6 
    {[%clk 0:06:28]}
62. Ke5 
    {[%clk 0:12:14]}
62. ... Ra5+ 
    {[%clk 0:06:47]}
63. Ke4 
    {[%clk 0:12:38]}
63. ... f6 
    {[%clk 0:07:03]}
64. Kf3 
    {[%clk 0:13:01]}
64. ... Ra3+ 
    {[%clk 0:07:21]}
65. Kg2 
    {[%clk 0:13:27]}
65. ... h4 
    {[%clk 0:07:43]}
66. Rb2 
    {[%clk 0:13:45]}
66. ... Kh5 
    {[%clk 0:08:07]}
67. Rb6 
    {[%clk 0:14:04]}
67. ... f5 
    {[%clk 0:07:28]}
68. Rc6 
    {[%clk 0:12:28]}
68. ... h3+ 
    {[%clk 0:06:19]}
69. Kh2 
    {[%clk 0:11:50]}
69. ... Ra4 
    {[%clk 0:05:49]}
70. Kg3 
    {[%clk 0:10:45]}
70. ... Ra3+ 
    {[%clk 0:04:58]}
71. Kh2 
    {[%clk 0:11:08]}
71. ... Rf3 
    {[%clk 0:05:22]}
72. Rc4 
    {[%clk 0:10:51]}
72. ... Re3 
    {[%clk 0:05:25]}
73. Rc6 
    {[%clk 0:11:01]}
73. ... Rf3 
    {[%clk 0:04:05]}
74. Rc4 
    {[%clk 0:11:23]}
74. ... Kh4 
    {[%clk 0:04:24]}
75. Rc6 
    {[%clk 0:11:36]}
75. ... Rg3 
    {[%clk 0:04:23]}
76. Rb6 
    {[%clk 0:11:05]}
76. ... Rg2+ 
    {[%clk 0:04:43]}
77. Kh1 
    {[%clk 0:11:33]}
77. ... Rg4 
    {[%clk 0:05:09]}
78. Kh2 
    {[%clk 0:11:41]}
78. ... Rg2+ 
    {[%clk 0:05:01]}
79. Kh1 
    {[%clk 0:12:09]}
79. ... Kh5 
    {[%clk 0:05:04]}
80. Rb3 
    {[%clk 0:07:00]}
80. ... Kg4 
    {[%clk 0:04:59]}
81. Ra3 
    {[%clk 0:05:38]}
81. ... Rf2 
    {[%clk 0:05:18]}
82. Ra6 
    {[%clk 0:06:00]}
82. ... Kh5 
    {[%clk 0:04:08]}
83. Ra4 
    {[%clk 0:06:22]}
83. ... Re2 
    {[%clk 0:03:47]}
84. Ra1 Rf2 85. Ra4 Re2 86. Ra1 h2 0-1

[Event "N1 Reykjavik Open 2014"]
[Site "Reykjavik, Iceland"]
[Date "2014.03.12"]
[Round "10.17"]
[White "Aravindh, Chithambaram Vr."]
[Black "Idani, Pouya"]
[Result "1/2-1/2"]
[WhiteElo "2395"]
[BlackElo "2496"]
[LiveChessVersion "1.4.2"]

1. e4 
    {[%clk 1:29:24]}
1. ... e5 
    {[%clk 1:30:54]}
2. Nf3 
    {[%clk 1:29:44]}
2. ... Nc6 
    {[%clk 1:31:20]}
3. Bb5 
    {[%clk 1:29:45]}
3. ... a6 
    {[%clk 1:31:43]}
4. Ba4 
    {[%clk 1:30:09]}
4. ... Nge7 
    {[%clk 1:32:09]}
5. O-O 
    {[%clk 1:29:23]}
5. ... g6 
    {[%clk 1:32:34]}
6. c3 
    {[%clk 1:27:46]}
6. ... Bg7 
    {[%clk 1:32:58]}
7. d4 
    {[%clk 1:27:17]}
7. ... exd4 
    {[%clk 1:33:22]}
8. cxd4 
    {[%clk 1:27:42]}
8. ... O-O 
    {[%clk 1:33:46]}
9. d5 
    {[%clk 1:14:51]}
9. ... Na5 
    {[%clk 1:34:11]}
10. Nbd2 
    {[%clk 1:08:17]}
10. ... b5 
    {[%clk 1:33:37]}
11. Bc2 
    {[%clk 1:08:33]}
11. ... d6 
    {[%clk 1:33:11]}
12. Re1 
    {[%clk 1:01:06]}
12. ... c6 
    {[%clk 1:32:33]}
13. dxc6 
    {[%clk 0:56:45]}
13. ... Nexc6 
    {[%clk 1:31:01]}
14. a3 
    {[%clk 0:46:45]}
14. ... Be6 
    {[%clk 1:27:56]}
15. Rb1 
    {[%clk 0:44:11]}
15. ... b4 
    {[%clk 1:25:15]}
16. Nb3 
    {[%clk 0:40:43]}
16. ... Nc4 
    {[%clk 1:18:04]}
17. axb4 
    {[%clk 0:31:55]}
17. ... Nxb4 
    {[%clk 1:12:30]}
18. Nbd4 
    {[%clk 0:31:41]}
18. ... Bg4 
    {[%clk 1:11:18]}
19. h3 
    {[%clk 0:29:18]}
19. ... Bd7 
    {[%clk 1:10:37]}
20. Bb3 
    {[%clk 0:25:22]}
20. ... Rc8 
    {[%clk 1:09:32]}
21. Bxc4 
    {[%clk 0:16:20]}
21. ... Rxc4 
    {[%clk 1:09:56]}
22. b3 
    {[%clk 0:16:13]}
22. ... Rc8 
    {[%clk 1:09:02]}
23. Bf4 
    {[%clk 0:16:19]}
23. ... Qb6 
    {[%clk 1:07:24]}
24. Qd2 
    {[%clk 0:16:18]}
24. ... Rfe8 
    {[%clk 1:03:36]}
25. e5 
    {[%clk 0:15:52]}
25. ... dxe5 
    {[%clk 1:02:32]}
26. Bxe5 
    {[%clk 0:12:09]}
26. ... Bf8 
    {[%clk 0:59:56]}
27. Bg3 
    {[%clk 0:10:44]}
27. ... Nd5 
    {[%clk 0:55:35]}
28. Ne5 
    {[%clk 0:09:05]}
28. ... Qb4 
    {[%clk 0:49:50]}
29. Qxb4 
    {[%clk 0:07:14]}
29. ... Bxb4 
    {[%clk 0:50:14]}
30. Rec1 
    {[%clk 0:07:32]}
30. ... Bb5 
    {[%clk 0:49:35]}
31. Nxb5 
    {[%clk 0:03:19]}
31. ... axb5 
    {[%clk 0:49:25]}
32. Rxc8 
    {[%clk 0:03:26]}
32. ... Rxc8 
    {[%clk 0:49:49]}
33. Rd1 
    {[%clk 0:03:44]}
33. ... Nf6 
    {[%clk 0:46:50]}
34. Bh4 1/2-1/2

[Event "N1 Reykjavik Open 2014"]
[Site "Reykjavik, Iceland"]
[Date "2014.03.12"]
[Round "10.18"]
[White "Gledura, Benjamin"]
[Black "Urkedal, Frode"]
[Result "1/2-1/2"]
[WhiteElo "2385"]
[BlackElo "2495"]
[LiveChessVersion "1.4.2"]

1. Nf3 
    {[%clk 1:30:57]}
1. ... Nf6 
    {[%clk 1:30:50]}
2. c4 
    {[%clk 1:31:12]}
2. ... c5 
    {[%clk 1:31:05]}
3. Nc3 
    {[%clk 1:31:05]}
3. ... Nc6 
    {[%clk 1:31:13]}
4. g3 
    {[%clk 1:30:40]}
4. ... g6 
    {[%clk 1:30:43]}
5. Bg2 
    {[%clk 1:30:48]}
5. ... Bg7 
    {[%clk 1:31:00]}
6. O-O 
    {[%clk 1:30:56]}
6. ... O-O 
    {[%clk 1:30:48]}
7. d4 
    {[%clk 1:30:54]}
7. ... cxd4 
    {[%clk 1:31:13]}
8. Nxd4 
    {[%clk 1:31:20]}
8. ... Qa5 
    {[%clk 1:31:29]}
9. e3 
    {[%clk 1:24:39]}
9. ... d6 
    {[%clk 1:23:27]}
10. Nde2 
    {[%clk 0:56:58]}
10. ... Ng4 
    {[%clk 1:16:22]}
11. Bd2 
    {[%clk 0:49:03]}
11. ... Qh5 
    {[%clk 1:14:05]}
12. h3 
    {[%clk 0:46:32]}
12. ... Nge5 
    {[%clk 1:13:28]}
13. g4 
    {[%clk 0:46:17]}
13. ... Qh4 
    {[%clk 1:12:49]}
14. Be1 
    {[%clk 0:41:09]}
14. ... Nxc4 
    {[%clk 1:08:51]}
15. b3 
    {[%clk 0:32:44]}
15. ... Nb6 
    {[%clk 1:08:28]}
16. Ne4 
    {[%clk 0:32:24]}
16. ... Bxa1 
    {[%clk 1:02:13]}
17. Qxa1 
    {[%clk 0:32:28]}
17. ... f5 
    {[%clk 0:54:55]}
18. g5 
    {[%clk 0:29:21]}
18. ... Qxe4 
    {[%clk 0:53:33]}
19. Bxe4 
    {[%clk 0:29:42]}
19. ... fxe4 
    {[%clk 0:53:58]}
20. Kg2 
    {[%clk 0:26:31]}
20. ... Bd7 
    {[%clk 0:42:26]}
21. Bc3 
    {[%clk 0:20:40]}
21. ... Nd5 
    {[%clk 0:35:58]}
22. Ng3 
    {[%clk 0:18:20]}
22. ... Nxc3 
    {[%clk 0:30:08]}
23. Qxc3 
    {[%clk 0:18:26]}
23. ... Ne5 
    {[%clk 0:30:23]}
24. Qc7 
    {[%clk 0:13:09]}
24. ... b6 
    {[%clk 0:21:25]}
25. a4 
    {[%clk 0:11:21]}
1/2-1/2

[Event "N1 Reykjavik Open 2014"]
[Site "Reykjavik, Iceland"]
[Date "2014.03.12"]
[Round "10.20"]
[White "Hamitevici, Vladimir"]
[Black "Ptacnikova, Lenka"]
[Result "1-0"]
[WhiteElo "2456"]
[BlackElo "2239"]
[LiveChessVersion "1.4.2"]

1. e4 
    {[%clk 1:25:33]}
1. ... e5 
    {[%clk 1:28:13]}
2. Nf3 
    {[%clk 1:25:51]}
2. ... Nf6 
    {[%clk 1:28:34]}
3. Nxe5 
    {[%clk 1:25:43]}
3. ... d6 
    {[%clk 1:28:49]}
4. Nf3 
    {[%clk 1:26:06]}
4. ... Nxe4 
    {[%clk 1:29:10]}
5. d4 
    {[%clk 1:25:08]}
5. ... d5 
    {[%clk 1:28:50]}
6. Bd3 
    {[%clk 1:25:28]}
6. ... Be7 
    {[%clk 1:26:41]}
7. O-O 
    {[%clk 1:25:43]}
7. ... O-O 
    {[%clk 1:25:05]}
8. c4 
    {[%clk 1:25:51]}
8. ... c6 
    {[%clk 1:25:24]}
9. Re1 
    {[%clk 1:22:24]}
9. ... Nf6 
    {[%clk 1:21:06]}
10. Qb3 
    {[%clk 1:21:15]}
10. ... Nbd7 
    {[%clk 1:16:29]}
11. Ne5 
    {[%clk 1:19:29]}
11. ... Nxe5 
    {[%clk 1:13:09]}
12. dxe5 
    {[%clk 1:19:36]}
12. ... Nd7 
    {[%clk 1:10:30]}
13. cxd5 
    {[%clk 1:06:21]}
13. ... cxd5 
    {[%clk 1:00:21]}
14. Qc2 
    {[%clk 1:01:27]}
14. ... h6 
    {[%clk 1:00:24]}
15. f4 
    {[%clk 1:00:39]}
15. ... Nc5 
    {[%clk 0:53:42]}
16. f5 
    {[%clk 1:00:07]}
16. ... Nxd3 
    {[%clk 0:45:28]}
17. Qxd3 
    {[%clk 1:00:21]}
17. ... Re8 
    {[%clk 0:44:49]}
18. Be3 
    {[%clk 0:55:48]}
18. ... Bb4 
    {[%clk 0:43:44]}
19. Bd2 
    {[%clk 0:53:24]}
19. ... Bxd2 
    {[%clk 0:33:33]}
20. Nxd2 
    {[%clk 0:53:02]}
20. ... Qg5 
    {[%clk 0:28:31]}
21. f6 
    {[%clk 0:52:32]}
21. ... Rxe5 
    {[%clk 0:24:18]}
22. Nf3 
    {[%clk 0:52:12]}
22. ... Rxe1+ 
    {[%clk 0:24:40]}
23. Rxe1 
    {[%clk 0:52:30]}
23. ... Bf5 
    {[%clk 0:25:05]}
24. Qxd5 
    {[%clk 0:49:50]}
24. ... Qxf6 
    {[%clk 0:25:17]}
25. Qxb7 
    {[%clk 0:50:08]}
25. ... Rc8 
    {[%clk 0:24:19]}
26. Re2 
    {[%clk 0:48:53]}
26. ... a6 
    {[%clk 0:22:18]}
27. a3 
    {[%clk 0:46:11]}
27. ... g5 
    {[%clk 0:21:50]}
28. Qe7 
    {[%clk 0:45:32]}
28. ... Rc1+ 
    {[%clk 0:17:25]}
29. Kf2 
    {[%clk 0:44:53]}
29. ... Qxe7 
    {[%clk 0:15:49]}
30. Rxe7 
    {[%clk 0:45:19]}
30. ... Bd3 
    {[%clk 0:13:53]}
31. Rd7 
    {[%clk 0:31:17]}
31. ... Rc2+ 
    {[%clk 0:12:40]}
32. Kg3 
    {[%clk 0:31:16]}
32. ... Bb5 
    {[%clk 0:10:05]}
33. Rd2 
    {[%clk 0:31:33]}
33. ... Rc1 
    {[%clk 0:08:37]}
34. h4 
    {[%clk 0:25:05]}
34. ... gxh4+ 
    {[%clk 0:07:03]}
35. Nxh4 
    {[%clk 0:24:49]}
35. ... Rc5 
    {[%clk 0:07:21]}
36. Nf3 
    {[%clk 0:24:03]}
36. ... Kg7 
    {[%clk 0:07:18]}
37. Kf4 
    {[%clk 0:21:02]}
37. ... Rc4+ 
    {[%clk 0:04:19]}
38. Nd4 
    {[%clk 0:20:28]}
38. ... Bd7 
    {[%clk 0:04:18]}
39. Ke5 
    {[%clk 0:19:51]}
39. ... Bc8 
    {[%clk 0:03:05]}
40. Rd3 
    {[%clk 0:41:09]}
40. ... Rc5+ 
    {[%clk 0:32:46]}
41. Kd6 
    {[%clk 0:39:50]}
41. ... Rg5 
    {[%clk 0:33:08]}
42. g3 
    {[%clk 0:39:52]}
42. ... h5 
    {[%clk 0:32:58]}
43. b4 
    {[%clk 0:38:54]}
43. ... Bh3 
    {[%clk 0:32:22]}
44. Nb3 
    {[%clk 0:36:35]}
44. ... Bf1 
    {[%clk 0:30:11]}
45. Rf3 
    {[%clk 0:36:20]}
45. ... Be2 
    {[%clk 0:30:17]}
46. Re3 
    {[%clk 0:36:37]}
46. ... Bc4 
    {[%clk 0:29:19]}
47. Nc5 
    {[%clk 0:36:47]}
47. ... Rg6+ 
    {[%clk 0:28:34]}
48. Ke7 
    {[%clk 0:34:14]}
48. ... Rg4 
    {[%clk 0:25:24]}
49. Ne4 
    {[%clk 0:28:13]}
49. ... Rg6 
    {[%clk 0:23:22]}
50. Nc5 
    {[%clk 0:21:10]}
50. ... Rg4 
    {[%clk 0:23:42]}
51. Nb7 
    {[%clk 0:17:25]}
51. ... h4 
    {[%clk 0:17:18]}
52. gxh4 
    {[%clk 0:17:36]}
52. ... f5 
    {[%clk 0:17:00]}
53. Nd6 
    {[%clk 0:15:29]}
53. ... f4 
    {[%clk 0:17:11]}
54. Re5 
    {[%clk 0:14:09]}
54. ... Bd3 
    {[%clk 0:13:55]}
55. Rd5 
    {[%clk 0:13:25]}
55. ... Rg3 
    {[%clk 0:13:50]}
56. Nf5+ 
    {[%clk 0:11:51]}
56. ... Bxf5 
    {[%clk 0:14:12]}
57. Rxf5 
    {[%clk 0:12:17]}
57. ... Rxa3 
    {[%clk 0:14:16]}
58. Rxf4 
    {[%clk 0:12:42]}
58. ... Ra4 
    {[%clk 0:12:44]}
59. Rg4+ 
    {[%clk 0:11:12]}
59. ... Kh6 
    {[%clk 0:13:07]}
60. Kf7 
    {[%clk 0:08:59]}
60. ... Ra1 
    {[%clk 0:10:00]}
61. Rd4 
    {[%clk 0:08:07]}
61. ... Ra4 
    {[%clk 0:06:32]}
62. Rc4 
    {[%clk 0:02:20]}
62. ... Ra1 
    {[%clk 0:06:48]}
63. Ke7 
    {[%clk 0:01:58]}
63. ... Ra4 
    {[%clk 0:06:55]}
64. Kd7 
    {[%clk 0:00:52]}
64. ... Kg6 
    {[%clk 0:06:55]}
65. Kc7 
    {[%clk 0:00:57]}
65. ... Kh6 
    {[%clk 0:07:09]}
66. Kb6 
    {[%clk 0:01:13]}
66. ... Kg6 
    {[%clk 0:07:15]}
67. Rd4 
    {[%clk 0:00:45]}
67. ... Kh6 
    {[%clk 0:06:23]}
68. Kc5 
    {[%clk 0:01:00]}
68. ... Kg6 
    {[%clk 0:06:40]}
69. Rc4 
    {[%clk 0:00:41]}
69. ... Kh5 
    {[%clk 0:06:46]}
70. Rd4 
    {[%clk 0:00:51]}
70. ... Kg6 
    {[%clk 0:04:54]}
71. Rd5 
    {[%clk 0:01:03]}
71. ... a5 
    {[%clk 0:01:22]}
72. h5+ 
    {[%clk 0:01:01]}
72. ... Kh6 
    {[%clk 0:01:48]}
73. b5 
    {[%clk 0:01:23]}
73. ... Ra1 
    {[%clk 0:02:06]}
74. b6 
    {[%clk 0:00:47]}
74. ... a4 
    {[%clk 0:02:03]}
75. Kb5 
    {[%clk 0:01:01]}
75. ... a3 
    {[%clk 0:02:22]}
76. Ka6 
    {[%clk 0:01:20]}
76. ... Rb1 
    {[%clk 0:01:37]}
77. Ra5 
    {[%clk 0:01:42]}
1-0

[Event "N1 Reykjavik Open 2014"]
[Site "Reykjavik, Iceland"]
[Date "2014.03.12"]
[Round "10.20"]
[White "Dubessay, Bastien"]
[Black "Krush, Irina"]
[Result "0-1"]
[WhiteElo "2362"]
[BlackElo "2490"]
[EventDate "2014.03.04"]
[PlyCount "68"]

1. d4 d6 2. c4 e5 3. d5 f5 4. e4 fxe4 5. Nc3 Nf6 6. Nge2 Bf5 7. Ng3 Bg6 8.
 Bg5 Be7 9. h4 h6 10. Bxf6 Bxf6 11. Qg4 Bf7 12. h5 e3 13. fxe3 e4 14. Nf5 
Rg8 15. Qxe4+ Be5 16. c5 Kf8 17. cxd6 cxd6 18. Be2 Nd7 19. Nd4 Nf6 20. Qf5
Bg3+ 21. Kd2 Qb6 22. Kc2 Be5 23. Rad1 Ke7 24. Bf3 Rgc8 25. Qd3 Bg8 26. 
Nf5+ Kf8 27. Rd2 Rc7 28. Rc1 Rac8 29. Kd1 Bh7 30. g4 Qb4 31. Qe2 Bxc3 32. 
Rdc2 Bxf5 33. gxf5 Qa4 34. bxc3 Rxc3 0-1